Catalog

Record Details

Catalog Search



Deprivace v moderní rodině a její vliv na další život dítěte : diplomová práce Cover Image Book Book

Deprivace v moderní rodině a její vliv na další život dítěte : diplomová práce Jana Keprtová

Record details

  • Physical Description: 43 s. 3 příl.
  • Publisher: Praha JABOK - Vyšší sociálně pedagogická a teologická škola 1997

Content descriptions

Bibliography, etc. Note:
bibliogr. s. 42

Available copies

  • 1 of 1 copy available at Common Catalog SPOK.

Holds

  • 0 current holds with 1 total copy.
Show Only Available Copies
Location Call Number / Copy Notes Barcode Shelving Location Status Due Date
Jabok Library ABP-0067 424480002072 Absolventské práce Reference -

LDR 00713ntm a22 a 4500
0011858
003CZ-PrJAB
00520020429000000.0
008980212s1997 xr e |||| |cze
009cz
035 . ‡a(CONS)1858
035 . ‡aKPS0004221
040 . ‡a
0410 . ‡acze
10011. ‡72464 ‡aKeprtová, Jana
110 2. ‡aJABOK - Vyšší sociálně pedagogická a teologická škola ‡bPraha
2451 . ‡aDeprivace v moderní rodině a její vliv na další život dítěte : ‡bdiplomová práce ‡cJana Keprtová
260 . ‡aPraha ‡bJABOK - Vyšší sociálně pedagogická a teologická škola ‡bPraha ‡c1997
300 . ‡a43 s. ‡b3 příl.
504 . ‡abibliogr. s. 42
653 . ‡adeprivace ‡arodina ‡avývoj osobnosti ‡adítě ‡asoučasná společnost
964 . ‡adeprivace
999 . ‡a67-d ‡c67-d ‡i424480002072 ‡l ‡tP
910 . ‡aABG312
901 . ‡a1858 ‡bUnknown ‡c1858 ‡tbiblio

Additional Resources